=LDR 00000nam 2200000 4500 =001 INLIS000000000009035 =005 20200720015835 =035 ##$$a 0010-061300000009035 =008 200720###########################0###### =041 ##$$a Ind =082 ##$$a 2x4.95 =090 ##$$a 2x4.96 , Har-c =100 ##$$a Al-Harrdani, Ibn Taimiyyah =245 1#$$a Cantik luar dalam , Ibn Taimiyyah Al-Harrdani =260 ##$$a 2002 :$b Jakarta =300 ##$$a 193 hlm , 21 cm =650 #4$$a Islam pakaian dan perhiasan =700 #$$a Al-Jauziyyah, Ibn Qoyyim =850 ##$$a NBPNMAT =990 ##$$a DW00027772 =990 ##$$a DW00027773 =990 ##$$a DW00027774 =990 ##$$a 2090100481/BPAP-NTB/2015 =990 ##$$a 2090100482/BPAP-NTB/2015